Statistiques concernant Pays qui contiennent la lettre NN+

Cliquez ici pour prendre le quiz!

Statistiques générales

  • Ce quiz a été pris 113 fois
  • Le résultat moyen est 8 sur 18

Statistiques - réponses

IndicePays% Correct
2 x NArgentine
67%
2 x NIndonésie
61%
2 x NNouvelle-Zélande
60%
5 x NSaint-Vincent-et-les-Grenadines
60%
2 x NPapouasie-Nouvelle-Guinée
59%
2 x NSaint-Christophe-et-Niévès
55%
2 x NFinlande
49%
2 x NSaint-Marin
47%
2 x NAfghanistan
46%
2 x NBosnie-Herzégovine
44%
2 x NRépublique Dominicaine
40%
2 x NRépublique Centrafricaine
38%
2 x NLiechtenstein
34%
2 x NTurkménistan
34%
2 x NTanzanie
32%
2 x NMacédoine du Nord
31%
2 x NMonténégro
30%
2 x NBénin
25%

Distribution des résultats

Percentile par nombre de réponses

% des personnes avec chaque résultat

Votre développement - résultats

Vous n’avez pas pris ce quiz